000 00571nam a2200229Ia 4500
003 OSt
005 20220924132722.0
006 a|||||r|||| 00| 0
007 ta
008 220923b |||||||| |||| 00| 0 mar d
024 _a99949
037 _cTextual
040 _aARTS
_cARTS
_bmar
041 _2mar
_amar
082 _aV2:8-1:L8, 155J71
100 _aJoshi P M
_9204815
245 0 _aExpansion of Maratha power
260 _c1957
650 _aHISTORY
942 _hV2:8-1:L8, 155J71
_cTEXL
_2CC
999 _c431282
_d431282